01489nab a22002777a 4500999001500000003000400015005001700019008004100036040000700077100003100084245016200115260007300277300001300350500003600363505029700399505010700696505008200803650002300885650002400908650003100932650002300963650003100986650002701017773015401044942001301198 c5571d5571OSt20251218113252.0190429b xxu||||| |||| 00| 0 spa d cPJ 96549aZelasco, Andrés M.10aContradicciones, arbitrariedad y desigualdad ante la ley. Problemas y propuestas ante un mal precedente. El fallo "Moreira" de la CS / cAndrés M. Zelasco. cCiudad Autónoma de Buenos Aires :aThomson Reuters La Ley, b2025. ap. 59-66 aCita: TR LALEY AR/DOC/732/2025. aSumario: I. Introducción.— II. Antecedentes. El fallo de la Cámara Nacional de Casación.— III. La decisión de la Corte Suprema de Justicia.— IV. La contradicción lógica.— V. Afectaciones constitucionales.— VI. Un mal precedente.— VII. Propuesta.— VIII. Conclusiones. tFallos comentados: CS ~ 16/05/2024 ~ Moreira, Cristian Alberto s/ incidente de recurso extraordinario. tSi te interesa el texto completo, solicitalo a koha@justierradelfuego.gov.ar  09343aDERECHO PENAL 092348aPROCESO PENAL 091237aIGUALDAD ANTE LA LEY 093006aREINCIDENCIA 092954aLIBERTAD CONDICIONAL 09586aDEFENSA EN JUICIO0 0265893164tRevista de derecho penal y criminología. Nº 4 - Mayo 2025dCiudad Autónoma de Buenos Aires : Thomson Reuters La Ley, 2017-x00347914 2udccANA